000
002750000a22000970004500
100
1
_a
Hill, Jo
245
1
0
_a
Enemy territory : How Bibles and foodballs challenge Colombia's gun and cocaine culture
300
_a
Num. 24 (2003), Páginas 4-9
773
0
_t
Teartimes
942
_c
ANA
999
_c
56038
_d
56038